| 000 | 00388nam a22001457a 4500 | ||
|---|---|---|---|
| 999 |
_c1999 _d1999 |
||
| 008 | 200210b ||||| |||| 00| 0 eng d | ||
| 020 | _a0063506610 | ||
| 100 |
_91607 _aSinger, F.L. |
||
| 245 | 1 | 0 |
_aEngineering mechanics: statics and dynamics _cby F. L. Singer |
| 250 | _a3rd ed. | ||
| 260 |
_aNew Delhi _bHarper-Collins _c1999 |
||
| 300 | _axvi,731p. | ||
| 650 | 0 | _aMechanics | |
| 942 | _cBK | ||